{"text_format":"3","workbook":"xlsx","n_sheets":1,"sheets":["t566"],"read":"whole","date_system":"1900"}

{"sheet":"t566","index":0,"n_rows":168,"n_cols":7,"rows_kept":168,"merged":[[0,0,0,6],[30,0,30,5],[45,0,45,5],[145,0,145,5]]}
["TABELA 566.1 - Estatísticas Agrícolas, Município de Sebastianópolis do Sul, Estado de São Paulo, 2007/08."]
["ITEM","UNIDADE","N.DE UPAs","MÍNIMO","MÉDIO","MÁXIMO","TOTAL"]
["Distância à sede do município","km",340,0.1,{"v":5.17,"d":"5.2"},{"v":15,"d":"15.0"},"-"]
["Área total","hectare",340,0.5,{"v":48.12,"d":"48.1"},{"v":1960.2,"d":"1,960.2"},{"v":16362.06,"d":"16,362.1"}]
["Área com cultura perene","hectare",82,0.2,{"v":5.94,"d":"5.9"},44.6,486.8]
["Área com cultura temporária","hectare",222,0.2,{"v":41.75,"d":"41.8"},{"v":1799.7,"d":"1,799.7"},{"v":9268.7,"d":"9,268.7"}]
["Área com pastagem","hectare",238,0.5,{"v":20.07,"d":"20.1"},238.4,{"v":4775.5,"d":"4,775.5"}]
["Área com reflorestamento","hectare",23,0.2,{"v":1.77,"d":"1.8"},{"v":12,"d":"12.0"},40.6]
["Área com vegetação natural","hectare",96,0.1,{"v":5.81,"d":"5.8"},96.8,557.3]
["Área com vegetação de brejo e várzea","hectare",290,0.1,{"v":3.29,"d":"3.3"},106.8,955.1]
["Área em descanso","hectare",2,0.6,2.3,{"v":4,"d":"4.0"},4.6]
["Área complementar","hectare",286,0.1,{"v":0.96,"d":"1.0"},68.5,{"v":273.46,"d":"273.5"}]
["Área das UPAs com (0, 1] ha","hectare",2,0.5,{"v":0.55,"d":"0.6"},0.6,1.1]
["Área das UPAs com (1, 2] ha","hectare",6,1.2,{"v":1.58,"d":"1.6"},1.9,9.5]
["Área das UPAs com (2, 5] ha","hectare",30,2.4,{"v":3.82,"d":"3.8"},4.8,114.6]
["Área das UPAs com (5, 10] ha","hectare",39,5.4,{"v":7.68,"d":"7.7"},9.6,299.5]
["Área das UPAs com (10, 20] ha","hectare",92,10.2,{"v":15.33,"d":"15.3"},19.9,{"v":1410.56,"d":"1,410.6"}]
["Área das UPAs com (20, 50] ha","hectare",104,20.5,{"v":31.04,"d":"31.0"},49.5,{"v":3228.4,"d":"3,228.4"}]
["Área das UPAs com (50, 100] ha","hectare",37,50.8,{"v":70.79,"d":"70.8"},96.8,{"v":2619.4,"d":"2,619.4"}]
["Área das UPAs com (100, 200] ha","hectare",16,101.6,{"v":131.68,"d":"131.7"},181.5,{"v":2106.8,"d":"2,106.8"}]
["Área das UPAs com (200, 500] ha","hectare",13,210.5,{"v":354.77,"d":"354.8"},{"v":484,"d":"484.0"},{"v":4612,"d":"4,612.0"}]
["Área das UPAs com (500, 1.000] ha","hectare","-","-","-","-","-"]
["Área das UPAs com (1.000, 2.000] ha","hectare",1,{"v":1960.2,"d":"1,960.2"},{"v":1960.2,"d":"1,960.2"},{"v":1960.2,"d":"1,960.2"},{"v":1960.2,"d":"1,960.2"}]
["Área das UPAs com (2.000, 5.000] ha","hectare","-","-","-","-","-"]
["Área das UPAs com (5.000, 10.000] ha","hectare","-","-","-","-","-"]
["Área das UPAs acima de 10.000 ha","hectare","-","-","-","-","-"]
["Familiares do proprietário que trabalham na UPA","unidade",233,{"v":1,"d":"1.0"},{"v":1.46,"d":"1.5"},{"v":3,"d":"3.0"},{"v":340,"d":"340.0"}]
["Trabalhadores permanentes","unidade",47,{"v":1,"d":"1.0"},{"v":5,"d":"5.0"},{"v":90,"d":"90.0"},{"v":235,"d":"235.0"}]
["Fonte: Secretaria de Agricultura e Abastecimento, CDRS/IEA, Projeto LUPA."]
[]
["TABELA 566.2 - Explorações Animais, Município de Sebastianópolis do Sul, Estado de São Paulo, 2007/08."]
["ITEM","UNIDADE","N.DE UPAs","MÍNIMO","MÉDIO","MÁXIMO","TOTAL"]
["Apicultura","colmeias",2,{"v":1,"d":"1.0"},35.5,{"v":70,"d":"70.0"},{"v":71,"d":"71.0"}]
["Asininos E Muares","cabeças",9,{"v":1,"d":"1.0"},{"v":1.11,"d":"1.1"},{"v":2,"d":"2.0"},{"v":10,"d":"10.0"}]
["Avicultura de Corte","cabeças/ano",120,{"v":3,"d":"3.0"},{"v":1865.57,"d":"1,865.6"},{"v":150000,"d":"150,000.0"},{"v":223868,"d":"223,868.0"}]
["Avicultura para Ovos","cabeças",30,{"v":10,"d":"10.0"},{"v":22.43,"d":"22.4"},{"v":50,"d":"50.0"},{"v":673,"d":"673.0"}]
["Bovinocultura de Corte","cabeças",122,{"v":2,"d":"2.0"},{"v":52.96,"d":"53.0"},{"v":1660,"d":"1,660.0"},{"v":6461,"d":"6,461.0"}]
["Bovinocultura Leiteira","cabeças",10,{"v":3,"d":"3.0"},18.1,{"v":50,"d":"50.0"},{"v":181,"d":"181.0"}]
["Bovinocultura Mista","cabeças",89,{"v":2,"d":"2.0"},{"v":38.36,"d":"38.4"},{"v":400,"d":"400.0"},{"v":3414,"d":"3,414.0"}]
["Caprinocultura","cabeças",2,{"v":5,"d":"5.0"},8.5,{"v":12,"d":"12.0"},{"v":17,"d":"17.0"}]
["Equinocultura","cabeças",130,{"v":1,"d":"1.0"},2.1,{"v":18,"d":"18.0"},{"v":273,"d":"273.0"}]
["Ovinocultura","cabeças",14,{"v":2,"d":"2.0"},{"v":13.93,"d":"13.9"},{"v":45,"d":"45.0"},{"v":195,"d":"195.0"}]
["Suinocultura","cabeças",91,{"v":1,"d":"1.0"},10.9,{"v":60,"d":"60.0"},{"v":992,"d":"992.0"}]
["Fonte: Secretaria de Agricultura e Abastecimento, CDRS/IEA, Projeto LUPA."]
[]
["TABELA 566.3 -  Máquinas, Implementos e Benfeitorias, Município de Sebastianópolis do Sul, Estado de São Paulo, 2007/08."]
["ITEM","UNIDADE","N.DE UPAs","MÍNIMO","MÉDIO","MÁXIMO","TOTAL"]
["Arado Comum (Bacia, Aiveca)","Unidade",73,{"v":1,"d":"1.0"},{"v":1.14,"d":"1.1"},{"v":4,"d":"4.0"},{"v":83,"d":"83.0"}]
["Arado Escarificador","Unidade",1,{"v":1,"d":"1.0"},{"v":1,"d":"1.0"},{"v":1,"d":"1.0"},{"v":1,"d":"1.0"}]
["Arado Subsolador","Unidade",4,{"v":1,"d":"1.0"},{"v":1.25,"d":"1.3"},{"v":2,"d":"2.0"},{"v":5,"d":"5.0"}]
["Batedeira de Cereais","Unidade",1,{"v":1,"d":"1.0"},{"v":1,"d":"1.0"},{"v":1,"d":"1.0"},{"v":1,"d":"1.0"}]
["Carregadeira de Cana","Unidade",2,{"v":1,"d":"1.0"},3.5,{"v":6,"d":"6.0"},{"v":7,"d":"7.0"}]
["Colhedeira Acoplada","Unidade",1,{"v":2,"d":"2.0"},{"v":2,"d":"2.0"},{"v":2,"d":"2.0"},{"v":2,"d":"2.0"}]
["Computador","Unidade",2,{"v":1,"d":"1.0"},6.5,{"v":12,"d":"12.0"},{"v":13,"d":"13.0"}]
["Conj.Irrigação Convencional","Unidade",1,{"v":1,"d":"1.0"},{"v":1,"d":"1.0"},{"v":1,"d":"1.0"},{"v":1,"d":"1.0"}]
["Desintegrador, Picador, Triturador","Unidade",122,{"v":1,"d":"1.0"},{"v":1.21,"d":"1.2"},{"v":4,"d":"4.0"},{"v":148,"d":"148.0"}]
["Distribuidor de Calcário","Unidade",7,{"v":1,"d":"1.0"},{"v":1.29,"d":"1.3"},{"v":2,"d":"2.0"},{"v":9,"d":"9.0"}]
["Ensiladeira","Unidade",13,{"v":1,"d":"1.0"},{"v":1,"d":"1.0"},{"v":1,"d":"1.0"},{"v":13,"d":"13.0"}]
["Grade Aradora (Tipo Romi)","Unidade",34,{"v":1,"d":"1.0"},{"v":1.15,"d":"1.2"},{"v":5,"d":"5.0"},{"v":39,"d":"39.0"}]
["Grade Niveladora","Unidade",59,{"v":1,"d":"1.0"},{"v":1.15,"d":"1.2"},{"v":5,"d":"5.0"},{"v":68,"d":"68.0"}]
["Implementos para Tração Animal","Unidade",67,{"v":1,"d":"1.0"},{"v":2.03,"d":"2.0"},{"v":7,"d":"7.0"},{"v":136,"d":"136.0"}]
["Microtrator","Unidade",1,{"v":1,"d":"1.0"},{"v":1,"d":"1.0"},{"v":1,"d":"1.0"},{"v":1,"d":"1.0"}]
["Misturador de Ração","Unidade",6,{"v":1,"d":"1.0"},{"v":1.17,"d":"1.2"},{"v":2,"d":"2.0"},{"v":7,"d":"7.0"}]
["Ordenhadeira Mecânica","Unidade",8,{"v":1,"d":"1.0"},{"v":1,"d":"1.0"},{"v":1,"d":"1.0"},{"v":8,"d":"8.0"}]
["Pulverizador Tratorizado","Unidade",11,{"v":1,"d":"1.0"},{"v":1.18,"d":"1.2"},{"v":2,"d":"2.0"},{"v":13,"d":"13.0"}]
["Resfriador de Leite, Tanque Expansão","Unidade",9,{"v":1,"d":"1.0"},{"v":1.11,"d":"1.1"},{"v":2,"d":"2.0"},{"v":10,"d":"10.0"}]
["Semeadeira/Adubadeira para Plantio Convencional","Unidade",14,{"v":1,"d":"1.0"},{"v":1,"d":"1.0"},{"v":1,"d":"1.0"},{"v":14,"d":"14.0"}]
["Terraceador","Unidade",1,{"v":4,"d":"4.0"},{"v":4,"d":"4.0"},{"v":4,"d":"4.0"},{"v":4,"d":"4.0"}]
["Trator de Esteiras","Unidade",1,{"v":1,"d":"1.0"},{"v":1,"d":"1.0"},{"v":1,"d":"1.0"},{"v":1,"d":"1.0"}]
["Trator de Pneus","Unidade",96,{"v":1,"d":"1.0"},{"v":1.39,"d":"1.4"},{"v":16,"d":"16.0"},{"v":133,"d":"133.0"}]
["Açude/Represa","Unidade",104,{"v":1,"d":"1.0"},{"v":1.32,"d":"1.3"},{"v":6,"d":"6.0"},{"v":137,"d":"137.0"}]
["Adega Cantina","Unidade",1,{"v":1,"d":"1.0"},{"v":1,"d":"1.0"},{"v":1,"d":"1.0"},{"v":1,"d":"1.0"}]
["Almoxarifado/Oficina","Unidade",2,{"v":1,"d":"1.0"},{"v":2,"d":"2.0"},{"v":3,"d":"3.0"},{"v":4,"d":"4.0"}]
["Armazém para Grãos Ensacados","Sacas",2,{"v":2,"d":"2.0"},{"v":2,"d":"2.0"},{"v":2,"d":"2.0"},{"v":4,"d":"4.0"}]
["Balança para Bovinos","Unidade",2,{"v":1,"d":"1.0"},{"v":1,"d":"1.0"},{"v":1,"d":"1.0"},{"v":2,"d":"2.0"}]
["Balança para Veículos","Unidade",2,{"v":1,"d":"1.0"},1.5,{"v":2,"d":"2.0"},{"v":3,"d":"3.0"}]
["Barracão para Bicho da Seda/Sirgaria","Unidade",6,{"v":1,"d":"1.0"},{"v":1,"d":"1.0"},{"v":1,"d":"1.0"},{"v":6,"d":"6.0"}]
["Barracão para Granja/Avicultura","Unidade",5,{"v":1,"d":"1.0"},1.4,{"v":2,"d":"2.0"},{"v":7,"d":"7.0"}]
["Barracão/Galpão/Garagem","Unidade",90,{"v":1,"d":"1.0"},{"v":1.11,"d":"1.1"},{"v":4,"d":"4.0"},{"v":100,"d":"100.0"}]
["Biodigestor","Unidade",1,{"v":1,"d":"1.0"},{"v":1,"d":"1.0"},{"v":1,"d":"1.0"},{"v":1,"d":"1.0"}]
["Casa de Moradia Habitada","Unidade",201,{"v":1,"d":"1.0"},{"v":1.49,"d":"1.5"},{"v":35,"d":"35.0"},{"v":299,"d":"299.0"}]
["Casa de Moradia Total","Unidade",253,{"v":1,"d":"1.0"},{"v":1.68,"d":"1.7"},{"v":35,"d":"35.0"},{"v":424,"d":"424.0"}]
["Curral/Mangueira","Unidade",242,{"v":1,"d":"1.0"},{"v":1.05,"d":"1.1"},{"v":7,"d":"7.0"},{"v":255,"d":"255.0"}]
["Depósito/Tulha","Unidade",210,{"v":1,"d":"1.0"},{"v":1.19,"d":"1.2"},{"v":4,"d":"4.0"},{"v":249,"d":"249.0"}]
["Engenho","Unidade",1,{"v":1,"d":"1.0"},{"v":1,"d":"1.0"},{"v":1,"d":"1.0"},{"v":1,"d":"1.0"}]
["Estábulo","Unidade",3,{"v":1,"d":"1.0"},{"v":1,"d":"1.0"},{"v":1,"d":"1.0"},{"v":3,"d":"3.0"}]
["Estufa/Plasticultura","m²",1,{"v":4,"d":"4.0"},{"v":4,"d":"4.0"},{"v":4,"d":"4.0"},{"v":4,"d":"4.0"}]
["Instalações para Equinos","Unidade",1,{"v":1,"d":"1.0"},{"v":1,"d":"1.0"},{"v":1,"d":"1.0"},{"v":1,"d":"1.0"}]
["Máquina de Benefício","Unidade",2,{"v":1,"d":"1.0"},{"v":1,"d":"1.0"},{"v":1,"d":"1.0"},{"v":2,"d":"2.0"}]
["Pocilga","Unidade",28,{"v":1,"d":"1.0"},{"v":1,"d":"1.0"},{"v":1,"d":"1.0"},{"v":28,"d":"28.0"}]
["Poço Semi-Artesiano","Unidade",124,{"v":1,"d":"1.0"},{"v":1.04,"d":"1.0"},{"v":2,"d":"2.0"},{"v":129,"d":"129.0"}]
["Silo para Silagem","t",2,{"v":70,"d":"70.0"},{"v":135,"d":"135.0"},{"v":200,"d":"200.0"},{"v":270,"d":"270.0"}]
["Terreiro","m²",42,{"v":1,"d":"1.0"},{"v":95.76,"d":"95.8"},{"v":625,"d":"625.0"},{"v":4022,"d":"4,022.0"}]
["Usina de Açúcar/destilaria","Unidade",2,{"v":1,"d":"1.0"},{"v":1,"d":"1.0"},{"v":1,"d":"1.0"},{"v":2,"d":"2.0"}]
["Fonte: Secretaria de Agricultura e Abastecimento, CDRS/IEA, Projeto LUPA."]
[]
["TABELA 566.4 - Outras Estatísticas Agrícolas, Município de Sebastianópolis do Sul, Estado de São Paulo, 2007/08."]
["ITEM","Número de UPAs",null,"Percentual"]
["Faz Parte de Associação de Produtores",8,null,{"v":2.3529411764705883,"d":"2.4"}]
["Faz Parte de Cooperativa de Produtores",13,null,{"v":3.823529411764706,"d":"3.8"}]
["Faz Parte do Sindicato de Produtores",6,null,{"v":1.7647058823529411,"d":"1.8"}]
["Não utiliza assistência técnica ",91,null,{"v":26.764705882352942,"d":"26.8"}]
["Utiliza somente assistência técnica governamental ",241,null,{"v":70.88235294117646,"d":"70.9"}]
["Utiliza somente assistência técnica privada ",2,null,{"v":0.5882352941176471,"d":"0.6"}]
["Utiliza assistência técnica tanto governamental quanto privada",6,null,{"v":1.7647058823529411,"d":"1.8"}]
["Utiliza Crédito Rural",59,null,{"v":17.352941176470587,"d":"17.4"}]
["Utiliza Seguro Rural",8,null,{"v":2.3529411764705883,"d":"2.4"}]
["Utiliza Escrituração Agrícola",20,null,{"v":5.882352941176471,"d":"5.9"}]
["Acessa Internet p/ Fins na Agropecuária",17,null,{"v":5,"d":"5.0"}]
["Utiliza Computador nas Atividades Agropecuárias",15,null,{"v":4.411764705882353,"d":"4.4"}]
["Utiliza Energia Elétrica Para Uso na Atividade Agrícola",272,null,{"v":80,"d":"80.0"}]
["Realiza Análise de Solo, quando necessário",158,null,{"v":46.470588235294116,"d":"46.5"}]
["Utiliza Práticas de Conservação de Solo, quando necessário",194,null,{"v":57.05882352941177,"d":"57.1"}]
["Faz Adubação Mineral, quando necessário",191,null,{"v":56.1764705882353,"d":"56.2"}]
["Faz Adubação Orgânica, quando necessário",121,null,{"v":35.588235294117645,"d":"35.6"}]
["Faz Adubação Verde, quando necessário",14,null,{"v":4.117647058823529,"d":"4.1"}]
["Utiliza Manejo Integrado de Pragas (MIP)","-",null,"-"]
["Utiliza Hidroponia","-",null,"-"]
["Utiliza Plasticultura",1,null,{"v":0.29411764705882354,"d":"0.3"}]
["Utiliza Mudas Fiscalizadas",8,null,{"v":2.3529411764705883,"d":"2.4"}]
["Utiliza Semente Melhorada",7,null,{"v":2.0588235294117645,"d":"2.1"}]
["Faz Confinamento de Bovinos",3,null,{"v":0.8823529411764706,"d":"0.9"}]
["Utiliza Pastejo Intensivo",18,null,{"v":5.294117647058824,"d":"5.3"}]
["Faz Inseminação Artificial",2,null,{"v":0.5882352941176471,"d":"0.6"}]
["Faz Mineralização do Rebanho",189,null,{"v":55.58823529411765,"d":"55.6"}]
["Faz Vermifugação do Rebanho",212,null,{"v":62.35294117647059,"d":"62.4"}]
["Possui Parceiros /Arrendatários na Exploração Animal",3,null,{"v":0.8823529411764706,"d":"0.9"}]
["Esporte e lazer",2,null,{"v":0.5882352941176471,"d":"0.6"}]
["Extração mineral","-",null,"-"]
["Hotel Fazenda, Pousada ou SPA","-",null,"-"]
["Pesque-pague",1,null,{"v":0.29411764705882354,"d":"0.3"}]
["Restaurante ou Lanchonete",1,null,{"v":0.29411764705882354,"d":"0.3"}]
["Transformação artesanal","-",null,"-"]
["Turismo rural ou ecoturismo","-",null,"-"]
["Outras atividades econômicas rurais",1,null,{"v":0.29411764705882354,"d":"0.3"}]
["Agroindústria","-",null,"-"]
["Proprietário sem instrução ou com instrução incompleta",17,null,{"v":5,"d":"5.0"}]
["Proprietário com antigo primário completo",174,null,{"v":51.1764705882353,"d":"51.2"}]
["Proprietário com 1° grau (ou antigo ginasial) completo",26,null,{"v":7.647058823529412,"d":"7.6"}]
["Proprietário com 2° grau (ou antigo colegial) completo",56,null,{"v":16.470588235294116,"d":"16.5"}]
["Proprietário com curso superior completo ",64,null,{"v":18.823529411764707,"d":"18.8"}]
["Pessoa Jurídica",3,null,{"v":0.8823529411764706,"d":"0.9"}]
["Proprietário residente na própria UPA ",94,null,{"v":27.647058823529413,"d":"27.6"}]
["Fonte: Secretaria de Agricultura e Abastecimento, CDRS/IEA, Projeto LUPA."]
[]
["TABELA 566.5 - Área Cultivada, Município de Sebastianópolis do Sul, Estado de São Paulo, 2007/08."]
["CULTURA","N.DE UPAs","MÍNIMO","MÉDIO","MÁXIMO","TOTAL"]
["Cana-de-acucar",207,0.2,{"v":43.95,"d":"44.0"},{"v":1799.7,"d":"1,799.7"},{"v":9097.9,"d":"9,097.9"}]
["Braquiaria",238,0.5,{"v":20.04,"d":"20.0"},238.4,{"v":4768.7,"d":"4,768.7"}]
["Seringueira",23,{"v":2,"d":"2.0"},{"v":12.25,"d":"12.3"},32.8,281.7]
["Milho",24,0.6,{"v":6.76,"d":"6.8"},48.4,162.2]
["Manga",30,0.3,{"v":3.55,"d":"3.6"},13.6,106.4]
["Cafe",33,0.2,{"v":2.03,"d":"2.0"},14.5,67.1]
["Eucalipto",22,0.2,{"v":1.79,"d":"1.8"},{"v":12,"d":"12.0"},39.4]
["Laranja",3,1.7,{"v":6.67,"d":"6.7"},9.4,{"v":20,"d":"20.0"}]
["Coloniao",1,6.5,6.5,6.5,6.5]
["Abacaxi (ou ananas)",2,{"v":1,"d":"1.0"},2.9,4.8,5.8]
["Uva fina",1,{"v":5,"d":"5.0"},{"v":5,"d":"5.0"},{"v":5,"d":"5.0"},{"v":5,"d":"5.0"}]
["Amora (ou amora-branca)",1,2.4,2.4,2.4,2.4]
["Viveiro de seringueira",1,{"v":2,"d":"2.0"},{"v":2,"d":"2.0"},{"v":2,"d":"2.0"},{"v":2,"d":"2.0"}]
["Alface",2,0.8,0.9,{"v":1,"d":"1.0"},1.8]
["Limao",2,0.8,0.9,{"v":1,"d":"1.0"},1.8]
["Outras florestais",1,1.2,1.2,1.2,1.2]
["Outras olericolas",1,0.8,0.8,0.8,0.8]
["Uva rustica",1,0.4,0.4,0.4,0.4]
["Capim-napier (ou capim-elefante)",1,0.3,0.3,0.3,0.3]
["Couve (ou couve-crespa)",1,0.2,0.2,0.2,0.2]
["Fonte: Secretaria de Agricultura e Abastecimento, CDRS/IEA, Projeto LUPA."]